000 00528cam a22002174a 4500
005 20250605164223.0
008 250528s ||||||||||||||||||||||||d
035 _a20761
020 _a960286138Χ
040 _aGR-AtMCL
_bgre
_dGR-AtMCL
_eAACR2
245 1 _aΔΥΣΛΕΞΙΑ
250 _a1
260 _bΈλλην,
_c1994
300 _a484
700 1 _aΔαλλας Β
_96730
700 1 _aΚαρπαθιου Χ
_96731
700 1 _aΜαρρα Μ
_96732
942 _cBK
999 _c5844
_d5844